Sports Cars By Hint - Statistics

General Stats
  • This quiz has been taken 99 times
    79 since last reset
  • The average score is 5 of 19
Answer Stats
Hint Car % Correct
Bumblebee Chevrolet Camaro
62%
It is legendary for having the unreliable Dorito rotary engine Mazda RX-7
54%
Godzilla Nissan Skyline R-32 GTR
46%
People call it a Skyline, but it isn't Nissan R-35 GTR
43%
The tofu shop car Toyota Corolla AE86
42%
These cars are referred to as boats Dodge Challenger
35%
Two years ago this Honda used to be the fasted FWD car on the Nurburgring Honda Civic Type-R
35%
Suki's car Honda S2000
32%
The most popular Lamborghini model Lamborghini Urus
31%
The beefed up BMW M4 BMW M4 GTS
22%
The only two door Subaru STI Subaru 22B STI
18%
The Integra but without the double wishbone suspension Acura RSX
15%
Brian O' Connors' car in Fast and Furious Mitsubishi Eclipse
15%
Has perfect 50/50 weight distribution Mazda Miata MX-5
14%
This old car came with active aero Mitsubishi 3000GT VR4
9%
"itS juSt a BmW" Toyota Supra GR A90 MKV
8%
Its name is literally the founder's name backwards Ferrari Enzo
6%
The Devil Z Nissan Fairlady Z
6%
Kids think this legendary car comes stock with 1,000+ HP Toyota Supra MKIV
6%
No matching quizzes found
Score Distribution
Percent of People with Each Score
Percentile by Number Answered
Your Score History
You have not taken this quiz since the last reset